书目信息 |
| 书名: | Ana Nucu | |
| 作者: | ||
| 分册号: | ||
| 分册名: | 出版地: |
|
| 出版社: | "The Book" Pub. House | |
| 出版时间: | 1955. | |
| 页数: | 257 p. | |
| 开本: | ||
| 丛书名: | ||
| 中图分类号: | ||
| 科图分类号: | ||
| 其他分类号: | H319.4 | |
| 主题词: | ||
| 电子资源: | ||
| 000 | 00458nam 2200193I 4504 | |
| 001 | E0738180494 | |
| 005 | 20070306104221.39 | |
| 008 | 031125s1956 rm 00100 eng c | |
| 010 | @a58025185 | |
| 040 | @aWright St Univ Lib | |
| 041 | 1 | @aengrum |
| 090 | @aK514.5/W3 | |
| 090 | @aH319.4 | |
| 099 | @dH319.4@ex534 | |
| 100 | 1 | @aLuca Remus. |
| 245 | 14 | @aAna Nucu. |
| 260 | 0 | @b"The Book" Pub. House,@c1955. |
| 300 | @a257 p. | |
| 920 | @a232010@z2 | |
| Ana Nucu.-"The Book" Pub. House, , 1955. |
| 257 p. |
| ISBN |
| ● |
| 相关链接 |
|
|
|
|
正题名:Nucu
索取号:H319.4/x534
 
预约/预借
| 序号 | 登录号 | 条形码 | 馆藏地/架位号 | 状态 | 备注 |
| 1 | 0000151 | 300001511 | 第四借阅区/ [索取号:H319.4/x534] | 在馆 |